<?xml version="1.0" encoding="UTF-8"?>
<record
    xmlns:xsi="http://www.w3.org/2001/XMLSchema-instance"
    xsi:schemaLocation="http://www.loc.gov/MARC21/slim http://www.loc.gov/standards/marcxml/schema/MARC21slim.xsd"
    xmlns="http://www.loc.gov/MARC21/slim">

  <leader>02504cam a22002895i 4500</leader>
  <controlfield tag="001">114234</controlfield>
  <controlfield tag="003">DR-UNIBE</controlfield>
  <controlfield tag="005">20251126094707.0</controlfield>
  <controlfield tag="008">251126t2025    mx a     b    001 0 spa d</controlfield>
  <datafield tag="020" ind1=" " ind2=" ">
    <subfield code="a"> 9786073928304</subfield>
  </datafield>
  <datafield tag="040" ind1=" " ind2=" ">
    <subfield code="a">BIBLIOTECA UNIBE</subfield>
    <subfield code="c">BIBLIOTECA UNIBE</subfield>
    <subfield code="e">rda</subfield>
  </datafield>
  <datafield tag="041" ind1=" " ind2=" ">
    <subfield code="a">spa</subfield>
    <subfield code="h">eng</subfield>
  </datafield>
  <datafield tag="082" ind1="0" ind2="4">
    <subfield code="a">220.6 P485n</subfield>
    <subfield code="2">23</subfield>
  </datafield>
  <datafield tag="100" ind1="1" ind2=" ">
    <subfield code="a">Peterson, Jordan B.,</subfield>
    <subfield code="e">autor</subfield>
    <subfield code="9">200696</subfield>
  </datafield>
  <datafield tag="245" ind1="1" ind2="0">
    <subfield code="a">Nosotros que luchamos con Dios : </subfield>
    <subfield code="b">una nueva perspectiva sobre la mayor historia jam&#xE1;s contada  /</subfield>
    <subfield code="c">Jordan B. Peterson </subfield>
  </datafield>
  <datafield tag="264" ind1=" " ind2="1">
    <subfield code="a">M&#xE9;xico :</subfield>
    <subfield code="b">Editorial Planeta,</subfield>
    <subfield code="c">2025</subfield>
  </datafield>
  <datafield tag="300" ind1=" " ind2=" ">
    <subfield code="a">670 p&#xE1;ginas :</subfield>
    <subfield code="b">ilustraciones</subfield>
  </datafield>
  <datafield tag="490" ind1=" " ind2=" ">
    <subfield code="a">Vivir mejor. Pr&#xE1;cticos</subfield>
  </datafield>
  <datafield tag="505" ind1=" " ind2=" ">
    <subfield code="a">1. En el principio  |
2. Ad&#xE1;n, Eva, orgullo, autoconsciencia y ca&#xED;da  |
3. Ca&#xED;n, Abel y el sacrificio  |
4. No&#xE9;: Dios como la llamada a prepararse |
5. La torre de Babel: Dios frente a la tiran&#xED;a y el orgullo |
6. Abraham: Dios como vigorosa llamada a la aventura  |
7. Mois&#xE9;s I: Dios como el temible esp&#xED;ritu de la libertad  |
8. Mois&#xE9;s II: hedonismo y tentaci&#xF3;n infantil  |
9. Jon&#xE1;s y el abismo eterno  |
Conclusi&#xF3;n  |
</subfield>
  </datafield>
  <datafield tag="520" ind1=" " ind2="3">
    <subfield code="a">"Nosotros que luchamos con Dios nos gu&#xED;a a trav&#xE9;s de las historias fundacionales del mundo occidental. El Dr. Peterson analiza en fascinante detalle las historias b&#xED;blicas de rebeli&#xF3;n, sacrificio, sufrimiento y triunfo que nos anclan, nos inspiran y nos unen cultural y psicol&#xF3;gicamente. Desde Ad&#xE1;n y Eva y la ca&#xED;da eterna de la humanidad, el resentimiento y la guerra fratricida de Ca&#xED;n y Abel, el cataclismo universal del diluvio de No&#xE9;, el espectacular colapso de Babel, y hasta la epopeya de Mois&#xE9;s y los israelitas, Peterson revisa los relatos que nos han formado y analiza su significado, sin miedo a cuestionar c&#xF3;mo esas historias afectan nuestra existencia hasta el d&#xED;a de hoy. Es hora de tomar conciencia, cient&#xED;fica y espiritualmente, de la estructura de nuestras almas y nuestras sociedades, y de mirarnos a nosotros mismos y a los dem&#xE1;s como si fuera la primera vez. Este libro te ayudar&#xE1; a establecer los prop&#xF3;sitos, metas y h&#xE1;bitos con los que guiar&#xE1;s tu vida a trav&#xE9;s de una exploraci&#xF3;n profunda de la esencia de nuestro ser. Atr&#xE9;vete a conocer la mayor historia jam&#xE1;s contada."</subfield>
  </datafield>
  <datafield tag="650" ind1=" " ind2="7">
    <subfield code="a">Biblia</subfield>
    <subfield code="2">lemb</subfield>
    <subfield code="x">Historia</subfield>
    <subfield code="9">201023</subfield>
  </datafield>
  <datafield tag="650" ind1=" " ind2="7">
    <subfield code="a">Biblia</subfield>
    <subfield code="2">lemb</subfield>
    <subfield code="x">Cr&#xED;tica e interpretaci&#xF3;n</subfield>
    <subfield code="9">201024</subfield>
  </datafield>
  <datafield tag="653" ind1="0" ind2="0">
    <subfield code="a">Conducta de vida </subfield>
  </datafield>
  <datafield tag="653" ind1="0" ind2="0">
    <subfield code="a">Dios (Cristianismo)</subfield>
  </datafield>
  <datafield tag="700" ind1=" " ind2=" ">
    <subfield code="a">Sirvent Almenar, Judit</subfield>
    <subfield code="e">traductor</subfield>
    <subfield code="9">201020</subfield>
  </datafield>
  <datafield tag="942" ind1=" " ind2=" ">
    <subfield code="2">ddc</subfield>
    <subfield code="c">BK</subfield>
  </datafield>
  <datafield tag="999" ind1=" " ind2=" ">
    <subfield code="c">114235</subfield>
    <subfield code="d">114235</subfield>
  </datafield>
  <datafield tag="952" ind1=" " ind2=" ">
    <subfield code="0">0</subfield>
    <subfield code="1">0</subfield>
    <subfield code="2">ddc</subfield>
    <subfield code="7">0</subfield>
    <subfield code="8">GEN</subfield>
    <subfield code="a">Principal</subfield>
    <subfield code="d">2025-11-26</subfield>
    <subfield code="l">0</subfield>
    <subfield code="o">220.6 P485n</subfield>
    <subfield code="p">251153</subfield>
    <subfield code="r">2025-11-26 09:47:59</subfield>
    <subfield code="t">Ej. 1</subfield>
    <subfield code="w">2025-11-26</subfield>
    <subfield code="y">BK</subfield>
  </datafield>
</record>
